Самородное железо в гранитах Таракского комплекса Южно-Енисейского кряжа; Записки Всероссийского минералогического общества; Ч. 124, № 1

Бібліографічні деталі
Parent link:Записки Всероссийского минералогического общества.— , 1866-
Ч. 124, № 1.— 1995.— С. 75-78
Автор: Арбузов С. И. Сергей Иванович
Інші автори: Новоселов С. В.
Резюме:Самородное железо в гранитоидах Таракского комплекса (структура Южно-Енисейского кряжа) обнаружено впервые. Приводятся результаты исследований самородного железа и вмещающих гранитоидов. Помимо самородного железа в одной пробе обнаружены самородные золото и медь. Своеобразный состав примесей самородного железа наряду с особенностями состава газово-жидких включений позволяет предполагать важную роль восстановительных трансмагматических (интертеллурических) флюидов в формировании таракских гранитоидов.
В фонде НТБ ТПУ отсутствует
Мова:Російська
Опубліковано: 1995
Предмети:
Формат: MixedMaterials Частина з книги
KOHA link:https://koha.lib.tpu.ru/cgi-bin/koha/opac-detail.pl?biblionumber=599922

MARC

LEADER 00000naa0a2200000 4500
001 599922
005 20250124115911.0
035 |a (RuTPU)RU\TPU\tpu\24077 
035 |a RU\TPU\tpu\21647 
090 |a 599922 
100 |a 20131204d1995 k||y0rusy50 ca 
101 0 |a rus 
102 |a RU 
200 1 |a Самородное железо в гранитах Таракского комплекса Южно-Енисейского кряжа  |f С. И. Арбузов, С. В. Новоселов 
320 |a Библиогр.: 6 назв. 
330 |a Самородное железо в гранитоидах Таракского комплекса (структура Южно-Енисейского кряжа) обнаружено впервые. Приводятся результаты исследований самородного железа и вмещающих гранитоидов. Помимо самородного железа в одной пробе обнаружены самородные золото и медь. Своеобразный состав примесей самородного железа наряду с особенностями состава газово-жидких включений позволяет предполагать важную роль восстановительных трансмагматических (интертеллурических) флюидов в формировании таракских гранитоидов. 
333 |a В фонде НТБ ТПУ отсутствует 
461 |t Записки Всероссийского минералогического общества  |d 1866- 
463 |t Ч. 124, № 1  |v С. 75-78  |d 1995 
610 1 |a труды учёных ТПУ 
700 1 |a Арбузов  |b С. И.  |c российский геолог и геохимик  |c профессор Томского политехнического университета, доктор геолого-минералогических наук  |f 1959-  |g Сергей Иванович  |3 (RuTPU)RU\TPU\pers\24710  |9 10962 
701 1 |a Новоселов  |b С. В. 
801 1 |a RU  |b 63413507  |c 20120725 
801 2 |a RU  |b 63413507  |c 20131204  |g RCR 
942 |c CR